00488nam a2200193 a 4500001001300000003000900013005001700022008004100039020001000080082001400090100001700104245005600121260002300177300000900200500003500209505001000244650002300254700001700277nice12345678IN_TiNIC20260116012616.0050524s1953 lona grp 000 0 eng  ac10000a230bHIC2 aHicks, F C N aFullness of Sacrificeb and Essay in Reconciliation aLondonbSpckc1953 a370p aincludes index and biblioraphy2 aIndex aTheology-Sacrifice1 aHicks, F C N